[Event "Tenerife-chT Preferente"]
[Site "Tenerife"]
[Date "2023.04.29"]
[Round "12"]
[White "Iglesias Santos, Rodrigo"]
[Black "Berjon Garcia, Sergio"]
[Result "0-1"]
[WhiteElo "1932"]
[BlackElo "2091"]
[PlyCount "100"]
[EventDate "2023.01.14"]
[EventType "team-tourn"]
[EventRounds "14"]
[EventCountry "ESP"]
[SourceTitle "EXT 2024"]
[Source "ChessBase"]
[SourceDate "2023.10.10"]
[SourceVersion "1"]
[SourceVersionDate "2023.10.10"]
[SourceQuality "1"]
[WhiteTeam "Circulo de Amistad XII Enero"]
[BlackTeam "Rey Ahogado"]
[WhiteTeamCountry "ESP"]
[BlackTeamCountry "ESP"]

1. e4 c5 2. Nf3 g6 3. c3 d5 4. exd5 Qxd5 5. d4 Bg7 6. Be2 cxd4 7. cxd4 Nc6 8. Nc3 Qa5 9. 0-0 Be6 10. d5 Rd8 11. Qb3 Bxd5 12. Nxd5 Qxd5 13. Qxb7 Nd4 14. Qa6 Nxe2+ 15. Qxe2 Nf6 16. Be3 Qb7 17. Rad1 0-0 18. Bc5 Rd5 19. Qxe7 Qxe7 20. Bxe7 Rc8 21. Rc1 Re8 22. Rfe1 Ra5 23. Ba3 Rb8 24. Nd4 Ra4 25. Nc6 Ra8 26. Ne7+ Kh8 27. Rc8+ Rxc8 28. Nxc8 Ne4 29. Nxa7 f5 30. Nb5 Ra5 31. Rd1 Bf6 32. Nd6 Nc3 33. Re1 Nxa2 34. Nc4 Ra6 35. Bf8 Kg8 36. Be7 Bxe7 37. Rxe7 Rc6 38. Ne3 Rc1+ 39. Nf1 Rb1 40. Re2 Nb4 41. Rd2 Nc6 42. g3 Ne5 43. Kg2 Nc4 44. Rc2 Ne5 45. Nd2 Rd1 46. b4 Nd3 47. b5 Ne1+ 48. Kf1 Nxc2+ 49. Ke2 Rxd2+ 50. Kxd2 Na3 0-1

[Event "Tenerife-chT Preferente"]
[Site "Tenerife"]
[Date "2023.02.04"]
[Round "4.2"]
[White "Iglesias Santos, Rodrigo"]
[Black "Diaz Reyes, Killian"]
[Result "0-1"]
[WhiteElo "1932"]
[BlackElo "2175"]
[PlyCount "100"]
[EventDate "2023.01.14"]
[EventType "team-tourn"]
[EventRounds "14"]
[EventCountry "ESP"]
[SourceTitle "EXT 2024"]
[Source "ChessBase"]
[SourceDate "2023.10.10"]
[SourceVersion "1"]
[SourceVersionDate "2023.10.10"]
[SourceQuality "1"]
[WhiteTeam "Circulo de Amistad XII Enero"]
[BlackTeam "Canarias 64"]
[WhiteTeamCountry "ESP"]
[BlackTeamCountry "ESP"]

1. e4 c5 2. Nf3 d6 3. Bb5+ Nd7 4. 0-0 a6 5. Be2 Ngf6 6. d3 g6 7. a4 b6 8. Nc3 Bb7 9. Re1 Bg7 10. h3 0-0 11. Bg5 h6 12. Bf4 e5 13. Be3 d5 14. exd5 Nxd5 15. Nxd5 Bxd5 16. Nd2 f5 17. f4 exf4 18. Bxf4 Bd4+ 19. Kh1 g5 20. c3 Bg7 21. Bh2 Re8 22. Bh5 Rxe1+ 23. Qxe1 g4 24. hxg4 Nf6 25. Qh4 Nxg4 26. Qxd8+ Rxd8 27. Bxg4 fxg4 28. Bc7 Re8 29. Ne4 c4 30. Ng3 cxd3 31. Rd1 Re3 32. Nf5 Re2 33. Rxd3 Bxg2+ 34. Kg1 Rxb2 35. Rd7 Bf8 36. Ne3 Bc5 37. Bf4 Re2 38. Bxh6 Bf3 39. Rd3 Be4 40. Rd8+ Kh7 41. Kf1 Rxe3 42. Bxe3 Bxe3 43. Re8 Bd3+ 44. Kg2 Bc5 45. Kg3 Bf5 46. Kf4 Bd7 47. Ra8 Bd6+ 48. Kg5 g3 49. Ra7 g2 50. Rxd7+ Kg8 0-1

[Event "Barcelona Llobregat op 5th"]
[Site "Barcelona"]
[Date "2014.05.17"]
[Round "6"]
[White "Espinosa Cebrian, Carlos"]
[Black "Iglesias Santos, Rodrigo"]
[Result "0-1"]
[WhiteElo "2034"]
[BlackElo "2006"]
[PlyCount "103"]
[EventDate "2014.04.05"]
[EventType "swiss"]
[EventRounds "8"]
[EventCountry "ESP"]
[SourceTitle "CBM 160 Extra"]
[Source "ChessBase"]
[SourceDate "2014.07.01"]
[SourceVersion "1"]
[SourceVersionDate "2014.07.01"]
[SourceQuality "1"]

1. d4 Nf6 2. Nf3 g6 3. g3 c5 4. dxc5 Na6 5. Bg2 Nxc5 6. b4 Nce4 7. 0-0 Bg7 8. Bb2 d5 9. Nbd2 0-0 10. Nxe4 dxe4 11. Ng5 Qb6 12. Qd4 Rd8 13. Qxb6 axb6 14. Nxe4 Nxe4 15. Bxg7 Nd2 16. Bh6 Nxf1 17. Kxf1 Rxa2 18. Rc1 Rxc2 19. Ke1 Rb2 20. Bg5 f6 21. Bf4 e5 22. Bh6 Be6 23. Bxb7 g5 24. f4 exf4 25. gxf4 Bg4 26. Ba6 Re8 27. Bc4+ Kh8 28. f5 Rc8 29. Rd1 Bxf5 30. Ba6 Re8 31. Bb5 Rb8 32. Rd4 Rb3 33. h4 Rg8 34. Rd5 Be6 35. Rd6 Rxb4 36. Bd3 Rxh4 37. Bxg5 fxg5 38. Rxe6 Rb8 39. Re5 g4 40. Kf2 Rh1 41. Re7 b5 42. Kg3 b4 43. Be4 Ra1 44. Rxh7+ Kg8 45. Kf4 b3 46. Kg5 b2 47. Re7 b1Q 48. Bxb1 Raxb1 49. Kxg4 Rf8 50. Kg5 Rg1+ 51. Kh4 Rf7 52. Re8+ 0-1

[Event "Catalunya-ch U14"]
[Site "Vila Seca"]
[Date "2012.04.02"]
[Round "4"]
[White "Iglesias Santos, Rodrigo"]
[Black "Garriga Cazorla, Pere"]
[Result "0-1"]
[WhiteElo "1782"]
[BlackElo "2026"]
[PlyCount "90"]
[EventDate "2012.03.31"]
[EventType "swiss"]
[EventRounds "9"]
[EventCountry "ESP"]
[SourceTitle "EXT 2015"]
[Source "ChessBase"]
[SourceDate "2014.11.20"]
[SourceVersion "1"]
[SourceVersionDate "2014.11.20"]
[SourceQuality "1"]

1. d4 Nf6 2. c4 e6 3. Nf3 c5 4. e3 Be7 5. Nc3 0-0 6. Bd3 b6 7. 0-0 d6 8. b3 Bb7 9. Bb2 a6 10. Qe2 Qc7 11. Rfd1 Rd8 12. a3 Nbd7 13. Rac1 Nf8 14. Bc2 Ng6 15. h3 cxd4 16. exd4 Nf4 17. Qe3 Ng6 18. Ne2 Rac8 19. Nf4 Nxf4 20. Qxf4 Qb8 21. Bd3 b5 22. Rc2 h6 23. Qe3 bxc4 24. bxc4 Kf8 25. Kf1 Bc6 26. Rb1 Qa8 27. Ke2 Rb8 28. Rcc1 Rb3 29. Rc3 Rdb8 30. Rxb3 Rxb3 31. Nd2 Rb8 32. Nf3 Ne4 33. Kf1 Rb3 34. Bc1 Rxb1 35. Bxb1 Ng5 36. Ne1 Qb7 37. Bc2 Ne4 38. Nf3 Ng5 39. Ne1 d5 40. c5 Ne4 41. Nd3 Qb5 42. Kg1 Qc4 43. Ne5 Qxc2 44. Nxc6 Bg5 45. f4 Bh4 0-1

[Event "Girona Provincial-ch"]
[Site "Girona"]
[Date "2011.10.09"]
[Round "1"]
[White "Iglesias Santos, Rodrigo"]
[Black "Huici Bentue, David"]
[Result "0-1"]
[WhiteElo "1616"]
[BlackElo "2070"]
[PlyCount "72"]
[EventDate "2011.10.09"]
[EventType "swiss"]
[EventRounds "9"]
[EventCountry "ESP"]
[SourceTitle "EXT 2013"]
[Source "ChessBase"]
[SourceDate "2012.11.22"]
[SourceVersion "1"]
[SourceVersionDate "2012.11.22"]
[SourceQuality "1"]

1. d4 d5 2. c4 dxc4 3. Nf3 Nf6 4. e3 e6 5. Bxc4 c5 6. 0-0 a6 7. Qe2 b5 8. Bb3 c4 9. Bc2 Bb7 10. e4 Be7 11. Rd1 Nc6 12. d5 exd5 13. exd5 Nxd5 14. Be4 Ncb4 15. Nc3 0-0 16. a3 Nd3 17. Bxd5 Bxd5 18. Nxd5 Bc5 19. Ne3 Qb6 20. Ne1 Nxc1 21. Raxc1 Rae8 22. N1c2 Re6 23. Qf3 Rf6 24. Qg3 Rg6 25. Qf3 Rf6 26. Qg3 Rg6 27. Nd5 Qa7 28. Qf3 Qa8 29. Qc3 Re8 30. Rd2 Rg5 31. Nf4 Re4 32. Rcd1 Bb6 33. h4 Rg4 34. Ne3 Rgxf4 35. Nd5 Rg4 36. Nxb6 Re1+ 0-1